| 000 | 00374nam a2200145Ia 4500 | ||
|---|---|---|---|
| 008 | 230312s9999||||xx |||||||||||||| ||und|| | ||
| 020 | _a0-1-84398-014-2 | ||
| 082 |
_a658.1 _bWAT |
||
| 100 | _aWatson Gillian | ||
| 245 | 0 | _aManaging for Results | |
| 260 |
_bCIPD _aUK _c2005 |
||
| 546 | _aEng. | ||
| 650 |
_aManagement _vhow do we develop the role of the manager |
||
| 942 | _cBK | ||
| 999 |
_c1019 _d1019 |
||